Chemical systems (Record no. 14332)

000 -LEADER
fixed length control field 00520nam a22002057a 4500
001 - CONTROL NUMBER
control field 14332
003 - CONTROL NUMBER IDENTIFIER
control field BD-DhUET
008 - FIXED-LENGTH DATA ELEMENTS--GENERAL INFORMATION
fixed length control field 150307b xxu||||| |||| 00| 0 eng d
020 ## - INTERNATIONAL STANDARD BOOK NUMBER
International Standard Book Number 0716701456
040 ## - CATALOGING SOURCE
Transcribing agency DLC
Modifying agency BD-DhUET
082 ## - DEWEY DECIMAL CLASSIFICATION NUMBER
Classification number 541
Item number CAM/1970
100 ## - MAIN ENTRY--PERSONAL NAME
Personal name Campbell, J. A.
245 ## - TITLE STATEMENT
Title Chemical systems
Remainder of title energeties dynamics structure
250 ## - EDITION STATEMENT
Edition statement 1st ed.
260 ## - PUBLICATION, DISTRIBUTION, ETC. (IMPRINT)
Place of publication, distribution, etc. San Francisco
Name of publisher, distributor, etc. W H freeman
Date of publication, distribution, etc. 1970
300 ## - PHYSICAL DESCRIPTION
Extent xiv,1095p.
650 #0 - SUBJECT ADDED ENTRY--TOPICAL TERM
Topical term or geographic name as entry element Chemical engineering
700 ## - ADDED ENTRY--PERSONAL NAME
Personal name Beckman, Tad A.
942 ## - ADDED ENTRY ELEMENTS (KOHA)
Koha item type General Book
Holdings
Withdrawn status Koha item type Price effective from Date acquired Not for loan Source of classification or shelving scheme Copy number Damaged status Koha normalized classification for sorting Koha full call number Shelving location Piece designation (barcode) Koha date last seen Sublocation or collection (holding branch) Location (home branch) Lost status
 General Book2015-03-072015-03-07  1 541_000000000000000_CAM_1970541/CAM/1970Circulation section396152015-03-07Central Library, BUETCentral Library, BUET 
 General Book2015-03-072015-03-07  2 541_000000000000000_CAM_1970541/CAM/1970Circulation section396162015-03-07Central Library, BUETCentral Library, BUET 
 General Book2015-03-072015-03-07  3 541_000000000000000_CAM_1970541/CAM/1970Circulation section397652015-03-07Central Library, BUETCentral Library, BUET